00825naa a2200181 a 450000100080000000500110000800800410001910000170006024501330007726000090021052001350021965000100035465000180036465000110038270000210039370000170041477302120043111348832024-09-17 2023 bl uuuu u00u1 u #d1 aRICCE, W. S. aCARACTERIZA????O CLIM??TICA DA ??REA DA DENOMINA????O DE ORIGEM MA???? 'FUJI' DA REGI??O DE S??O JOAQUIM.h[electronic resource] c2023 aEsse cap??tulo apresenta a caracteriza????o clim??tica da regi??o de S??o Joaquim e alguns requerimentos bioclim??ticos da ma????. aclima ahoras de frio ama????1 aMASSIGNAM, A. M.1 aLEITE, G. B. tIn: MASSIGNAM, A. M.; MARTIN, M. S. (Orgs.). Denomina????o de Origem Ma???? 'Fuji' da regi??o de S??o Joaquim: caracteriza????o socioecon??mica, ambiental e do produto. Florian??polis: Epagri, 2023. p. 53-58